|
|
|
|
| LEADER |
01225nam a22002892a 4500 |
| 001 |
000822761 |
| 003 |
CZ BrMZK |
| 005 |
20060727115358.0 |
| 007 |
ta |
| 008 |
060727s1989 xr er|||||||||||cze d |
| 040 |
|
|
|a BOA001
|b cze
|
| 080 |
9 |
|
|a 808.50(075.8)-057.632
|
| 100 |
1 |
|
|a Šlosar, Dušan,
|d 1930-2020
|7 jk01130484
|4 aut
|
| 245 |
1 |
0 |
|a Základní kurs češtiny pro cizince /
|c Dušan Šlosar, Zdenka Rusínová
|
| 250 |
|
|
|a 3. dotisk 1. vyd.
|
| 260 |
|
|
|a Brno :
|b Univerzita J.E. Purkyně,
|c 1989
|
| 300 |
|
|
|a 157 s.
|
| 700 |
1 |
|
|a Rusínová, Zdenka,
|d 1939-
|7 jk01103087
|4 aut
|
| 910 |
|
|
|a BOA001
|b 2-0948.918
|
| 964 |
|
|
|a Čeština - studenti zahraniční
|
| 990 |
|
|
|a BK
|
| 991 |
|
|
|b 200607
|
| 996 |
7 |
|
|b 2619241556
|c 2-0948.918
|l MZK
|r Sklad / do 1 hodiny
|n 4
|w 000822761
|u 000020
|a 1
|e BOA001
|j MZK50
|s A
|
| 996 |
7 |
|
|b 2619241791
|c 2-0948.918
|l MZK
|r Sklad / do 1 hodiny
|n 11
|w 000822761
|u 000010
|a 1
|e BOA001
|j MZK50
|s A
|
| 996 |
7 |
|
|b 2619339712
|c 2-0948.918
|l MZK
|r Sklad / do 1 hodiny
|n 0
|w 000822761
|u 000030
|a 1
|e BOA001
|j MZK50
|s A
|
| 996 |
7 |
|
|b 2619339713
|c 2-0948.918
|l MZK
|r Sklad / do 1 hodiny
|n 1
|w 000822761
|u 000040
|a 1
|e BOA001
|j MZK50
|s A
|
| 996 |
6 |
|
|b 2619339714
|c 2-0948.918
|l MZK
|r Sklad / do 1 hodiny
|n 1
|w 000822761
|u 000050
|a 1
|e BOA001
|j MZK50
|s P
|